000 00362nam a2200133 a 4500
005 20141022142008.0
008 120228s19uu xx 00 eng d
050 _aCD-ROM
_bM34 2003
100 _aWalker, Orville Jr.
245 _aMarketing strategy :
_ba decision-focused approach /
_cOrville Walker Jr.
250 _a4th ed.
260 _c2003.
942 _cAVM
999 _c276632
_d276632